000 00667nam a22002537a 4500
003 UA-OsUOA
001 104723
007 ta
008 20140127b un ||||| |||| 00| 0 ukr d
100 _aМатвієнко В.
090 _a82-94
_bМ33
942 _cBK
040 _aUA-OsUOA
_bukr
_cUA-OsUOA
_dUA-OsUOA
245 _aТвій син, Україно
300 _a160 с.
955 _a3
041 _aukr
080 _a82-94
020 _a978-966-00-1286-8
591 _aПасічник І. Д.
260 _aК.
_bНаукова думка
_c2012
650 7 _a82 Література. Літературознавство
_2UDC
999 _c390908
_d390908